| 000 | 00507cam a2200181ua 4500 | ||
|---|---|---|---|
| 001 | 1511 | ||
| 008 | 110711n ii |||gr||||Z||||||eng | ||
| 040 | _cMAIN | ||
| 082 | _a338.954 | ||
| 100 | 1 | _aMahajan, V S., | |
| 245 | 1 |
_aPlanning developement and economic policy in India. _cBy V S Mahajan. |
|
| 250 | _a2nd. | ||
| 260 |
_aNew Delhi: _bKalyani publishers.,982. |
||
| 300 |
_axii, 422 p.: _c23 cm. |
||
| 653 | _aeconomics. | ||
| 653 | _aPlanning developement and economic policy in India. | ||
| 942 | _cBK | ||
| 999 |
_c1400 _d1400 |
||